Statistiques concernant Pokémon HGSS - Arbres à Secouer

Cliquez ici pour prendre le quiz!

Statistiques générales

  • Ce quiz a été pris 16 fois
  • Le résultat moyen est 22 sur 29

Statistiques - réponses

PokédexPokémon% Correct
415Apitrini
100%
13Aspicot
100%
10Chenipan
100%
11Chrysacier
100%
14Coconfort
100%
15Dardargnan
100%
12Papilusion
100%
412Cheniti
92%
265Chenipotte
83%
21Piafabec
83%
165Coxy
75%
166Coxyclaque
75%
396Etourmi
75%
163Hoothoot
75%
168Migalos
75%
167Mimigal
75%
48Mimitoss
75%
164Noarfang
75%
204Pomdepik
75%
190Capumain
67%
420Ceribou
58%
276Nirondelle
58%
214Scarhino
58%
285Balignon
50%
273Grainipiot
50%
102Noeunoeuf
50%
287Parecool
50%
177Natu
42%
114Saquedeneu
42%

Distribution des résultats

Percentile par nombre de réponses

% des personnes avec chaque résultat

Votre développement - résultats

Vous n’avez pas pris ce quiz